Marketing ve virtuálním světě

Rozvoj internetu a nové príležitosti pre podnikateľov. Singapurský marketér Ewen Chia a jeho úspešné podnikanie na internete. Päť základných faktorov, od ktorých závisí každý úspešný podnik v oblasti internetového marketingu: trh, ponuka, návštevnosť, backend, duplikácia.

Salvato in:
Dettagli Bibliografici
Autore principale: Kapoun, Jan
Natura: Capitolo di libro
Lingua:ceco
Soggetti:
Tags: Aggiungi Tag
Nessun Tag, puoi essere il primo ad aggiungerne!!

MARC

LEADER 00000naa a2200000 4500
001 0175230
005 20231211093608.2
041 0 |a cze 
044 |a CZ 
245 1 0 |a Marketing ve virtuálním světě  |c Jan Kapoun 
520 |a Rozvoj internetu a nové príležitosti pre podnikateľov. Singapurský marketér Ewen Chia a jeho úspešné podnikanie na internete. Päť základných faktorov, od ktorých závisí každý úspešný podnik v oblasti internetového marketingu: trh, ponuka, návštevnosť, backend, duplikácia. 
610 2 0 |a marketing 
610 2 0 |a internet 
610 2 0 |a obchod elektronický 
610 2 0 |a podnikanie 
610 2 0 |a Singapur 
100 1 |a Kapoun, Jan